| 000 -LEADER |
| fixed length control field |
02383cam a22003857a 4500 |
| 001 - CONTROL NUMBER |
| control field |
16253066 |
| 003 - CONTROL NUMBER IDENTIFIER |
| control field |
Nust |
| 005 - DATE AND TIME OF LATEST TRANSACTION |
| control field |
20170412155003.0 |
| 008 - FIXED-LENGTH DATA ELEMENTS--GENERAL INFORMATION |
| fixed length control field |
100526s2009 nyu d 000 1 eng d |
| 010 ## - LIBRARY OF CONGRESS CONTROL NUMBER |
| LC control number |
2010279516 |
| 020 ## - INTERNATIONAL STANDARD BOOK NUMBER |
| International Standard Book Number |
9780316073943 (pbk.) |
| 020 ## - INTERNATIONAL STANDARD BOOK NUMBER |
| International Standard Book Number |
9780755370160 |
| 035 ## - SYSTEM CONTROL NUMBER |
| System control number |
(OCoLC)ocn318879302 |
| 040 ## - CATALOGING SOURCE |
| Original cataloging agency |
BTCTA |
| Transcribing agency |
BTCTA |
| Modifying agency |
ZGX |
| -- |
XL4 |
| -- |
NYP |
| -- |
B2A |
| -- |
CNB |
| -- |
VP@ |
| -- |
DLC |
| 042 ## - AUTHENTICATION CODE |
| Authentication code |
lccopycat |
| 050 00 - LIBRARY OF CONGRESS CALL NUMBER |
| Classification number |
PZ7.V94 |
| Item number |
De 2009 |
| 082 00 - DEWEY DECIMAL CLASSIFICATION NUMBER |
| Classification number |
813.6 |
| Author Mark |
ZIE |
| 100 1# - MAIN ENTRY--PERSONAL NAME |
| Personal name |
Von Ziegesar, Cecily. |
| 245 10 - TITLE STATEMENT |
| Title |
Devious : |
| Remainder of title |
an it girl novel / |
| Statement of responsibility, etc. |
created by Cecily von Ziegesar. |
| 250 ## - EDITION STATEMENT |
| Edition statement |
1st ed. |
| 260 ## - PUBLICATION, DISTRIBUTION, ETC. |
| Place of publication, distribution, etc. |
New York : |
| Name of publisher, distributor, etc. |
Poppy, |
| Date of publication, distribution, etc. |
2009. |
| 300 ## - PHYSICAL DESCRIPTION |
| Extent |
216 p. ; |
| Dimensions |
21 cm. |
| 490 0# - SERIES STATEMENT |
| Series statement |
An it girl novel |
| 500 ## - GENERAL NOTE |
| General note |
Includes a sneak peek of: I will always love you. |
| 500 ## - GENERAL NOTE |
| General note |
"Little, Brown and Company". |
| 520 ## - SUMMARY, ETC. |
| Summary, etc. |
"Everyone at elite Waverly Academy actually looks forward to the freezing month of January: it's Jan Plan, four blissful weeks when cool independent projects replace hectic schedules and boring classes. Wild weeknight parties, late-night trips to the crater, and plenty of time to gossip about it all? Yes, please! Jenny Humphrey can't wait to start her solo art project. But the real masterpiece is Isaac Dresden, the new dean's gorgeous son, who's taken an interest in Jenny's painting...and her. Tinsley Carmichael has a new friend, too: Isaac's out-of-control sister, Isla. The two girls are a match made in hell, and their racy photo project has the whole school talking. Too bad Tinsley's boyfriend, Julian McCafferty, disapproves of their kind of 'art.' Exes Callie Vernon and Brandon Buchanan are thrown together on a psychology experiment about the origins of true love. And they might just be the best subjects.... Without the structure of regular classes, the Waverly Owls are bound to find crazy ways to entertain themselves. Now who said school wasn't fun?"--p. [4] of cover. |
| 521 8# - TARGET AUDIENCE NOTE |
| Target audience note |
Ages 15 and up. |
| 650 #0 - SUBJECT ADDED ENTRY--TOPICAL TERM |
| Topical term or geographic name entry element |
Private schools |
| Form subdivision |
Fiction. |
| 650 #0 - SUBJECT ADDED ENTRY--TOPICAL TERM |
| Topical term or geographic name entry element |
Interpersonal relations |
| Form subdivision |
Fiction. |
| 650 #0 - SUBJECT ADDED ENTRY--TOPICAL TERM |
| Topical term or geographic name entry element |
Dating (Social customs) |
| Form subdivision |
Fiction. |
| 650 #0 - SUBJECT ADDED ENTRY--TOPICAL TERM |
| Topical term or geographic name entry element |
Teenagers |
| Form subdivision |
Fiction. |
| 650 #0 - SUBJECT ADDED ENTRY--TOPICAL TERM |
| Topical term or geographic name entry element |
Young adults |
| Form subdivision |
Fiction. |
| 655 #0 - INDEX TERM--GENRE/FORM |
| Genre/form data or focus term |
Young adult fiction. |
| 906 ## - LOCAL DATA ELEMENT F, LDF (RLIN) |
| a |
7 |
| b |
cbc |
| c |
copycat |
| d |
2 |
| e |
ncip |
| f |
20 |
| g |
y-gencatlg |
| 942 ## - ADDED ENTRY ELEMENTS (KOHA) |
| Source of classification or shelving scheme |
|
| Koha item type |
Book |